00808nam a2200241 i 4500003000900000005001700009007000300026008004100029020001800070040003000088082001300118100003600131245009100167250001800258264004800276300002800324336002700352337003400379338002800413500007100441500001200512700004200524DO-SdBNP20240704094330.0ta240704s2022 dr 000 0 spa d a9789945182170 aDO-SdBNPbspacBNPHUerda bC965222 aCuevas Vásquez, Inidioeautor13aEl mañana nunca llega /cInidio Cuevas Vásquez ; prólogo Nouel Florián Pérez a2a. edición 1aSanto Domingo :bTiempo de nosotros,c2022. a82 páginas, c23 cm. 2rdacontentatextobtxt 2rdamediaasin mediación bn 2rdacarrieravolumenbnc aIncluye datos biográficos del autor en la solapa de la portada.  aRelatos aFlorián Pérez, Nouel eprólogo